Bisutería artesanal y ecológica / (Registro nro. 11358)

Detalles MARC
000 -LIDER
fixed length control field 01190cam a22003613a 4500
001 - NÚMERO DE CONTROL
Identificador de número de control 0000668
003 - IDENTIFICACDOR DE NÚMERO DE CONTROL
control field DO-SdBNP
005 - DATE AND TIME OF LATEST TRANSACTION
control field 20171113091654.0
007 - CAMPOS FIJOS DE DESCRIPCIÓN FÍSICA
fixed length control field 0000668
008 - ELEMENTOS DE LONGITUD FIJA
fixed length control field 861112 2011 sp c 000 0 spa d
010 ## - NUMERO DE CONTROL DE BIBLIOTECA DEL CONGRESO
LC control number
020 ## - ISBN
International Standard Book Number 9789962040347
040 ## - FUENTE DE CATALOGACIÓN
Agencia que crea de manera original el registro BPMSU
Agencia que realiza la transcripción spa
Agencia que realiza la modificación BPMSU
--
082 #4 - NÚMERO DE CLASIFICACIÓN DECIMAL DE DEWEY
Classification number 745.5942
Item number B623a
092 ## - LOCALLY ASSIGNED DEWEY DECIMAL CALL NUMBER
Número de clasificación
245 00 - MENCIÓN DE TITULO
Título Bisutería artesanal y ecológica /
Mención de responsabilidad dirección y coordinación editorial María Cristina Parra Rodríguez ; producción y accesorios Astrid Margarita Sepúlveda ... [et. al] ; fotografías Gilberto Morales Roa
260 ## - PUBLICACIÓN, DISTRIBUCIÓN, ETC. (PIE DE IMPRENTA)
Lugar de publicación, distribución, etc [s.l.]:
Nombre del editor, distribuidor, etc. Lexus,
Fecha de publicación, distribución, etc 2011.
300 ## - DESCRIPCIÓN FÍSICA
Extensión 198 p. :
Otros detalles físicos retrs.
Dimensiones 34 cm.
500 ## - NOTA GENERAL
Nota general Incluye glosario
600 00 - ENCABEZAMIENTO DE MATERIA--NOMBRE PERSONAL
Nombre personal
Subdivisión temática general
650 #4 - ENCABEZAMIENTO DE MATERIA--TEMÁTICO
Término temático o nombre geográfico como elemento de entrada CONFECCIONES DE JOYAS
650 #4 - ENCABEZAMIENTO DE MATERIA--TEMÁTICO
Término temático o nombre geográfico como elemento de entrada MACRAMÉ
700 12 - ASIENTO SECUNDARIO -- NOMBRE PERSONAL
Nombre personal Parra Rodríguez, María Cristina
Mención de responsabilidad coord.
700 12 - ASIENTO SECUNDARIO -- NOMBRE PERSONAL
Nombre personal Sepúlveda, Astrid Margarita
700 12 - ASIENTO SECUNDARIO -- NOMBRE PERSONAL
Nombre personal Aguirre, Edwin
Mención de responsabilidad .
700 12 - ASIENTO SECUNDARIO -- NOMBRE PERSONAL
Nombre personal Gálvis, Patricia
Mención de responsabilidad prod.
700 12 - ASIENTO SECUNDARIO -- NOMBRE PERSONAL
Nombre personal Morales Roa, Gilberto
Mención de responsabilidad fot.
710 ## - ASIENTO SECUNDARIO -- NOMBRE CORPORATIVO
Nombre corporativo o de jurisdicción Artesanías Calamarí M.E.
Mención de responsabilidad prod.
910 ## - VALIDACIÓN
Validación Validado. Control de calidad MFF
942 ## - ADDED ENTRY ELEMENTS (KOHA)
Source of classification or shelving scheme Dewey Decimal Classification
Koha item type Libros
945 ## - INFORMACIÓN DE PROCESAMIENTO LOCAL
Información de procesamiento local Inventariado extranjero / 2017 VM
956 ## - LOCAL ELECTRONIC LOCATION AND ACCESS (OCLC)
Método de acceso YLOCKWARD
Materiales especificados 10
Campo enlazado y núm. de secuencia BPMSU
Existencias
Withdrawn status Lost status Source of classification or shelving scheme Damaged status Not for loan Collection code Home library Current library Date acquired Source of acquisition Cost, normal purchase price Total Checkouts Full call number Barcode Date last seen Price effective from Koha item type Copy number
    Dewey Decimal Classification       Biblioteca Pública Metropolitana Salomé Ureña Biblioteca Pública Metropolitana Salomé Ureña 09/14/2016 Compra 3600.00   745.5942 B623a BPMSU16090241 09/14/2016 09/14/2016 Libros  
    Dewey Decimal Classification       Biblioteca Pública Metropolitana Salomé Ureña Biblioteca Pública Metropolitana Salomé Ureña 09/14/2016 Compra 3600.00   745.5942 B623a BPMSU16090242 09/14/2016 09/14/2016 Libros ej. 2